| 000 | 00732nam a2200229Ia 4500 | ||
|---|---|---|---|
| 003 | OSt | ||
| 005 | 20250106100145.0 | ||
| 008 | 210716s2011 xx 000 0 und d | ||
| 020 | _a9788184898873 | ||
| 040 | _cAIMIT LIBRARY | ||
| 041 | _aeng | ||
| 082 |
_a001.0720063 _21 _bMALM |
||
| 245 |
_aMachine learning and data mining for computer security / _cEdited by Marcus A Maloof. |
||
| 250 | _a1st ed. | ||
| 260 |
_aNew Delhi : _bSpringer , _c2011. |
||
| 300 |
_axvi,210p. ; _bPB _c23.6 cm |
||
| 650 |
_aSurvey contributions _9192160 |
||
| 650 |
_aResearch contributions _9192161 |
||
| 650 |
_aIntrusion detection alarm clustering _9192162 |
||
| 700 |
_aMaloof, Marcus A., ed. _9192163 |
||
| 942 |
_2ddc _cBK _e1st _k001.0720063 MALM |
||
| 999 |
_c194370 _d194370 |
||